Strindberg's star / (Record no. 16859)

MARC details
000 -LEADER
fixed length control field 01201nam a22003618a 4500
001 - CONTROL NUMBER
control field 17044888
003 - CONTROL NUMBER IDENTIFIER
control field EG-ScBUE
005 - DATE AND TIME OF LATEST TRANSACTION
control field 20220223142403.0
008 - FIXED-LENGTH DATA ELEMENTS--GENERAL INFORMATION
fixed length control field 111114s2012 nyu f 000 1 eng d
020 ## - INTERNATIONAL STANDARD BOOK NUMBER
International Standard Book Number 0670023574
020 ## - INTERNATIONAL STANDARD BOOK NUMBER
International Standard Book Number 9780670023578
040 ## - CATALOGING SOURCE
Original cataloging agency DLC
Language of cataloging eng
Description conventions rda
Transcribing agency DLC
Modifying agency EG-ScBUE
041 1# - LANGUAGE CODE
Language code of text/sound track or separate title eng
Language code of original and/or intermediate translations of text swe
082 04 - DEWEY DECIMAL CLASSIFICATION NUMBER
Classification number 839.738
Edition number 22
Item number WAL
100 1# - MAIN ENTRY--PERSONAL NAME
Personal name Wallentin, Jan,
Dates associated with a name 1970-
Relator term author.
9 (RLIN) 30550
240 10 - UNIFORM TITLE
Uniform title <a href="Strindbergs stjärna.">Strindbergs stjärna.</a>
Language of a work English
245 10 - TITLE STATEMENT
Title Strindberg's star /
Statement of responsibility, etc Jan Wallentin ; translated by Rachel Willson-Broyles.
264 #1 - PUBLICATION, DISTRIBUTION, ETC. (IMPRINT)
Place of publication, distribution, etc New York :
Name of publisher, distributor, etc Viking,
Date of publication, distribution, etc 2012.
300 ## - PHYSICAL DESCRIPTION
Extent 447 pages ;
Dimensions 24 cm
336 ## - CONTENT TYPE
Source rdacontent
Content type term text
Content type code txt
337 ## - MEDIA TYPE
Source rdamedia
Media type term unmediated
Media type code n
338 ## - CARRIER TYPE
Source rdacarrier
Carrier type term volume
Carrier type code nc
546 ## - LANGUAGE NOTE
Language note Text in English ; translated from the Swedish.
650 #7 - SUBJECT ADDED ENTRY--TOPICAL TERM
Topical term or geographic name as entry element Signs and symbols
Form subdivision Fiction.
9 (RLIN) 30551
Source of heading or term BUEsh
650 #7 - SUBJECT ADDED ENTRY--TOPICAL TERM
Topical term or geographic name as entry element Secret societies
Form subdivision Fiction.
9 (RLIN) 30552
Source of heading or term BUEsh
650 #7 - SUBJECT ADDED ENTRY--TOPICAL TERM
Topical term or geographic name as entry element Murder
General subdivision Investigation
Form subdivision Fiction.
9 (RLIN) 30553
Source of heading or term BUEsh
651 ## - SUBJECT ADDED ENTRY--GEOGRAPHIC NAME
Source of heading or term BUEsh
653 ## - INDEX TERM--UNCONTROLLED
Arrived date list July2012
Resource For college Humanities: English
655 ## - INDEX TERM--GENRE/FORM
Form subdivision Reading book
9 (RLIN) 34232
700 1# - ADDED ENTRY--PERSONAL NAME
Personal name Willson-Broyles, Rachel,
Relator term translator.
9 (RLIN) 30556
942 ## - ADDED ENTRY ELEMENTS (KOHA)
Source of classification or shelving scheme Dewey Decimal Classification
Koha item type Book - Borrowing
Holdings
Withdrawn status Lost status Source of classification or shelving scheme Damaged status Not for loan Collection code Home library Current library Shelving location Date acquired Source of acquisition Cost, normal purchase price Serial Enumeration / chronology Total Checkouts Total Renewals Full call number Barcode Date last seen Date checked out Price effective from Koha item type
    Dewey Decimal Classification     Baccah Central Library Central Library Second Floor 11/07/2012   160.00 15359 5 1 839.738 WAL 000026960 15/07/2025 17/02/2025 11/07/2012 Book - Borrowing